000 00427nam a2200157 i 4500
001 145591
003 ES-MaACL
005 20230906201249.0
007 t|
008 071015s1972 sp ||||1| spa d
100 1 _aVeyrat, Miguel.
_9114240
245 1 4 _aLos famosos en voz baja /
_cMiguel Veyrat.
260 _aMadrid :
_bG. del Toro,
_c1972.
300 _a194 p. :
_bil. ;
_c27 cm.
852 _aES-MaACL
_jC-47735
_bR.82972
999 _c145591
_d145591